Central Library OPAC University of Rajshahi

State and local government in America / (Record no. 57825)

MARC details
000 -LEADER
fixed length control field 01015nam a2200337 a 4500
001 - CONTROL NUMBER
control field 57825
003 - CONTROL NUMBER IDENTIFIER
rucl marc code BD-RjUL
005 - DATE AND TIME OF LATEST TRANSACTION
control field 20211209080545.0
008 - FIXED-LENGTH DATA ELEMENTS--GENERAL INFORMATION
fixed length control field 161212s1982 enk b 000 0 eng u
020 ## - INTERNATIONAL STANDARD BOOK NUMBER
International Standard Book Number 0205077056
035 ## - SYSTEM CONTROL NUMBER
System control number MITb10501373
System control number (BD-RjUL)57949
System control number GLIS00501373
040 ## - CATALOGING SOURCE
Transcribing agency WSU
Modifying agency m.c.
-- m/c
-- RCD
Original cataloging agency BD-RjUL
Language of cataloging eng
041 ## - LANGUAGE CODE
Language code of text/sound track or separate title eng
082 ## - DEWEY DECIMAL CLASSIFICATION NUMBER
Edition number 23
Classification number 320.80973
Author mark and year GRS 1982
090 ## - LOCALLY ASSIGNED LC-TYPE CALL NUMBER (OCLC); LOCAL CALL NUMBER (OCLC)
Classification number (OCLC) (R) ; Classification number, CALL (RLIN) (NR) JK2408
Local cutter number (OCLC) ; Book number/undivided call number, CALL (RLIN) .G761
099 ## - LOCAL FREE-TEXT CALL NUMBER (OCLC)
Bangla Class number JK2408.G761
100 1# - MAIN ENTRY--PERSONAL NAME
Personal name Grant, Daniel R.
9 (RLIN) 171730
245 10 - TITLE STATEMENT
Title State and local government in America /
Statement of responsibility, etc. Daniel R. Grant and H. C. Nixon
250 ## - EDITION STATEMENT
Edition statement 4th ed.
260 ## - PUBLICATION, DISTRIBUTION, ETC. (IMPRINT)
Place of publication, distribution, etc. Boston,
Name of publisher, distributor, etc. Allyn and Bacon,
Date of publication, distribution, etc. 1982
300 ## - PHYSICAL DESCRIPTION
Pagination 439 p. :
Illustrations ill. ;
Size 23 cm.
504 ## - BIBLIOGRAPHY, ETC. NOTE
Bibliography, etc Includes bibliography.
650 #0 - SUBJECT ADDED ENTRY--TOPICAL TERM
Topical term or geographic name as entry element Local government
Geographic subdivision United States.
9 (RLIN) 171731
Topical term or geographic name as entry element State governments.
9 (RLIN) 171732
Topical term or geographic name as entry element Federal government
Geographic subdivision United States.
9 (RLIN) 171733
700 1# - ADDED ENTRY--PERSONAL NAME
Personal name Nixon, H. C.
Fuller form of name (Herman Clarence),
Dates associated with a name 1886-1967.
942 ## - ADDED ENTRY ELEMENTS (KOHA)
Source of classification or shelving scheme Dewey Decimal Classification
Koha item type Books
949 ## - LOCAL PROCESSING INFORMATION (OCLC)
a MYGD
Holdings
Lost status Source of classification or shelving scheme Damaged status Not for loan Collection code Permanent Location Current Location Shelving location Date acquired Total Checkouts Full call number Date last seen Copy number Koha item type
  Dewey Decimal Classification   Not For Loan Non-fiction Central Library, University of Rajshahi Central Library, University of Rajshahi Rare Book Section 29/10/1992   320.80973 GRS 1982 12/12/2016 C-1 Books